|
|
|
|
| LEADER |
00000nam a22000007a 4500 |
| 005 |
20130301095621.0 |
| 007 |
cr|||| |||| |
| 008 |
130301e2006 sp |||||s|||| 00||0 spa d |
| 020 |
|
|
|a 978-84-9948-928-5
|
| 035 |
|
|
|a 7295
|
| 040 |
|
|
|a vLex
|
| 090 |
|
|
|c 3799
|d 3799
|
| 100 |
1 |
0 |
|a Ortega Gimňez, Alfonso
|
| 245 |
1 |
0 |
|a Gua̕ prc̀tica de los Derechos y Libertades de los extranjeros y su integracin̤ social en la ciudad de Elche
|h [Recurso electrn̤ico]
|
| 256 |
|
|
|a Servicio en ln̕ea
|
| 260 |
|
|
|a Alicante :
|b Editorial Club Universitario,
|c 2006
|
| 300 |
|
|
|a 1 Recurso electrn̤ico
|
| 650 |
0 |
4 |
|a Extranjera̕
|
| 700 |
1 |
0 |
|a Lp̤ez ℓlvarez, Antonio
|
| 740 |
|
|
|a vLex Libros (Servicio en ln̕ea)
|
| 856 |
|
|
|a Acceso restringido
|u http://www.vlex.com/source/7295
|
| 942 |
|
|
|c BOOK
|